[Event "Bayern-chI Bank Hofmann 17th"]
[Site "Bad Wiessee"]
[Date "2013.10.30"]
[Round "6"]
[White "Ulanowski, Karol"]
[Black "Nuber, Korbinian"]
[Result "1/2-1/2"]
[WhiteElo "2133"]
[BlackElo "2270"]
[PlyCount "62"]
[EventDate "2013.10.26"]
[EventType "swiss"]
[EventRounds "9"]
[EventCountry "GER"]
[SourceTitle "EXT 2014"]
[Source "ChessBase"]
[SourceDate "2013.11.20"]
[SourceVersion "1"]
[SourceVersionDate "2013.11.20"]
[SourceQuality "1"]

1. e4 e6 2. d4 d5 3. Nc3 Bb4 4. e5 c5 5. a3 Bxc3+ 6. bxc3 Ne7 7. Qg4 Qc7 8. Qxg7 Rg8 9. Qxh7 cxd4 10. Ne2 Nbc6 11. f4 Bd7 12. Qd3 dxc3 13. Nxc3 a6 14. Rb1 Na5 15. h4 Nf5 16. Rh3 0-0-0 17. h5 Nc4 18. h6 Rg6 19. h7 Rh8 20. Qf3 Nce3 21. Bxe3 Qxc3+ 22. Bd2 Qxf3 23. Rxf3 Rxh7 24. Bxa6 Bc6 25. Bf1 d4 26. Rh3 Rhg7 27. Rh8+ Kd7 28. Rh2 Kc8 29. Kf2 Ng3 30. Bd3 Ne4+ 31. Bxe4 Bxe4 1/2-1/2

[Event "Olsztyn op U18 blitz"]
[Site "Olsztyn"]
[Date "2013.08.04"]
[Round "21"]
[White "Delekta, Filip"]
[Black "Ulanowski, Karol"]
[Result "1-0"]
[WhiteElo "1951"]
[BlackElo "1951"]
[PlyCount "41"]
[EventDate "2013.08.03"]
[EventType "swiss (blitz)"]
[EventRounds "22"]
[EventCountry "POL"]
[SourceTitle "CBM 155 Extra"]
[Source "ChessBase"]
[SourceDate "2013.08.26"]
[SourceVersion "1"]
[SourceVersionDate "2013.08.26"]
[SourceQuality "1"]

1. e4 e5 2. Nc3 Nf6 3. Bc4 Nc6 4. d3 Bc5 5. f4 d6 6. f5 Na5 7. Bg5 Nxc4 8. dxc4 h6 9. Bh4 c6 10. Nge2 Bd7 11. Qd3 Qe7 12. a3 a5 13. Rf1 Rf8 14. Qg3 Rg8 15. Nc1 b5 16. cxb5 Bd4 17. N1e2 Rc8 18. 0-0-0 Kf8 19. Nxd4 exd4 20. Rxd4 cxb5 21. Qxd6 1-0

[Event "Olsztyn op U18 blitz"]
[Site "Olsztyn"]
[Date "2013.08.04"]
[Round "20"]
[White "Kucza, Karol"]
[Black "Ulanowski, Karol"]
[Result "0-1"]
[WhiteElo "1968"]
[BlackElo "1951"]
[PlyCount "65"]
[EventDate "2013.08.03"]
[EventType "swiss (blitz)"]
[EventRounds "22"]
[EventCountry "POL"]
[SourceTitle "CBM 155 Extra"]
[Source "ChessBase"]
[SourceDate "2013.08.26"]
[SourceVersion "1"]
[SourceVersionDate "2013.08.26"]
[SourceQuality "1"]

1. d4 Nf6 2. c4 g6 3. Nf3 Bg7 4. g3 d6 5. Bg2 0-0 6. 0-0 Nc6 7. Nc3 a6 8. a3 e5 9. dxe5 Nxe5 10. Nxe5 dxe5 11. Qc2 h6 12. b4 c6 13. e4 Qe7 14. c5 Be6 15. Rd1 Rad8 16. Bb2 Nd7 17. Qe2 f5 18. Rd6 f4 19. Bf3 Qf7 20. g4 Nf6 21. Rad1 Rde8 22. h4 Nh7 23. Kf1 Qe7 24. Rxe6 Qxe6 25. Rd6 Qf7 26. Qd2 Kh8 27. Na4 Qb3 28. Qd1 Qxd1+ 29. Bxd1 Rd8 30. Rxd8 Rxd8 31. Ke2 f3+ 32. Ke1 Nf6 33. Bb3 0-1

[Event "Olsztyn op U18 blitz"]
[Site "Olsztyn"]
[Date "2013.08.03"]
[Round "4"]
[White "Kyc, Jerzy"]
[Black "Ulanowski, Karol"]
[Result "1-0"]
[WhiteElo "2274"]
[BlackElo "1951"]
[PlyCount "99"]
[EventDate "2013.08.03"]
[EventType "swiss (blitz)"]
[EventRounds "22"]
[EventCountry "POL"]
[SourceTitle "CBM 155 Extra"]
[Source "ChessBase"]
[SourceDate "2013.08.26"]
[SourceVersion "1"]
[SourceVersionDate "2013.08.26"]
[SourceQuality "1"]

1. e4 e5 2. Nf3 Nc6 3. Bb5 a6 4. Ba4 Nf6 5. 0-0 b5 6. Bb3 Bc5 7. c3 d6 8. d4 Bb6 9. h3 0-0 10. Bc2 Bb7 11. Re1 h6 12. a4 Rb8 13. axb5 axb5 14. d5 Ne7 15. Be3 Bxe3 16. Rxe3 Ng6 17. Nbd2 Nf4 18. Nf1 c6 19. dxc6 Bxc6 20. Ng3 Qc7 21. Nf5 Rfd8 22. Ra6 Kh7 23. Kh2 g6 24. Ng3 Ne6 25. Qe1 Nc5 26. Ra1 Qb7 27. b4 Ncxe4 28. Nxe4 Nxe4 29. Bxe4 d5 30. Bc2 d4 31. cxd4 exd4 32. Re7 Rd7 33. Rxd7 Qxd7 34. Qe5 Rd8 35. Rd1 Bxf3 36. gxf3 h5 37. Qxh5+ Kg7 38. Qe5+ Kg8 39. Bb3 Re8 40. Qxd4 Qf5 41. Qg4 Qf6 42. Rd7 Rf8 43. Kg2 Qc6 44. Bd5 Qf6 45. h4 Kh8 46. Be4 Kh7 47. h5 Kh6 48. hxg6 fxg6 49. Qh3+ Kg5 50. Rd5+ 1-0